00461nam a2200157Ia 4500008004100000100001900041245008400060260001200144260001100156260000900167300000700176650001700183942000900200999001500209952007900224160103s9999 xx 000 0 und d10aLiyanage,S.A.G apH Sensitive Indicator and a Natural Food Dye from Goraka(Garcinia gummi-gutta) aColombo bIchemc c2014 a46 aNatural food cbook c2931d2931 0010708NFICaICbICcGENd2016-01-03l0pD0199r2016-01-03 00:00:00yDIS